Library Logo

Pioneer International University Library Catalogue

PRINCIPLE - CENTERED LEADERSHIP (Record no. 9719)

MARC details
000 -LEADER
fixed length control field 00423nam a22001457a 4500
003 - CONTROL NUMBER IDENTIFIER
control field OSt
005 - DATE AND TIME OF LATEST TRANSACTION
control field 20251029084528.0
008 - FIXED-LENGTH DATA ELEMENTS--GENERAL INFORMATION
fixed length control field 251029b |||||||| |||| 00| 0 eng d
020 ## - INTERNATIONAL STANDARD BOOK NUMBER
International Standard Book Number 0671749102
040 ## - CATALOGING SOURCE
Transcribing agency SIMON &SCHUSTER BUILDING
050 ## - LIBRARY OF CONGRESS CALL NUMBER
Classification number HD 57.7 .C68 1990
245 ## - TITLE STATEMENT
Title PRINCIPLE - CENTERED LEADERSHIP
260 ## - PUBLICATION, DISTRIBUTION, ETC.
Place of publication, distribution, etc. NEW YORK
Name of publisher, distributor, etc. SIMON &SCHUSTER BUILDING
Date of publication, distribution, etc. 1990
942 ## - ADDED ENTRY ELEMENTS (KOHA)
Source of classification or shelving scheme Library of Congress Classification
Koha item type Books
Suppress in OPAC No
Holdings
Withdrawn status Lost status Source of classification or shelving scheme Damaged status Not for loan Home library Current library Date acquired Total checkouts Barcode Date last seen Price effective from Koha item type
    Library of Congress Classification     PIU Library PIU Library 10/30/2025   PIUDMUR713 10/30/2025 10/30/2025 Books
    Library of Congress Classification     PIU Library PIU Library 10/30/2025     10/30/2025 10/30/2025 Books